And kalapati at ang uwak / (Record no. 21459)

000 -LEADER
fixed length control field 00711nam a22001937a 4500
003 - CONTROL NUMBER IDENTIFIER
control field OSt
005 - DATE AND TIME OF LATEST TRANSACTION
control field 20260123141435.0
008 - FIXED-LENGTH DATA ELEMENTS--GENERAL INFORMATION
fixed length control field 251022b2015 xxua|||j ||| 00| j eng |
040 ## - CATALOGING SOURCE
Transcribing agency csu
082 ## - DEWEY DECIMAL CLASSIFICATION NUMBER
Edition number 23
Classification number 398.2
Item number C713k
100 ## - MAIN ENTRY--PERSONAL NAME
Personal name Concepcion, Ofelia E.
245 ## - TITLE STATEMENT
Title And kalapati at ang uwak /
Statement of responsibility, etc muling isinalaysay ni Ofelia E. Concepcion; guhit ni Randy Torres; disenyo ng pabalat n Milton R. de los Santos.
260 ## - PUBLICATION, DISTRIBUTION, ETC. (IMPRINT)
Place of publication, distribution, etc [Place of publication not identified] :
Name of publisher, distributor, etc [Name of publisher not identified],
Date of publication, distribution, etc [202?]
300 ## - PHYSICAL DESCRIPTION
Extent 23 pages :
Other physical details color illustrations ;
Dimensions 23 cm
650 ## - SUBJECT ADDED ENTRY--TOPICAL TERM
Topical term or geographic name as entry element Classic Legends
700 ## - ADDED ENTRY--PERSONAL NAME
Personal name Torres, Randy
Relator term illustrator.
700 ## - ADDED ENTRY--PERSONAL NAME
Personal name de los Santos, Milton R.
Relator term designer.
942 ## - ADDED ENTRY ELEMENTS (KOHA)
Source of classification or shelving scheme
Koha item type Books
Holdings
Source of acquisition Price effective from Permanent Location Date last seen Not for loan Date acquired Source of classification or shelving scheme Koha item type Barcode Damaged status Lost status Shelving location Withdrawn status Current Location Full call number
Donation2025-10-22Cagayan State University - Carig Library2025-10-22 2025-10-22 BooksC000398  Children Section Cagayan State University - Carig Library398.2 C713k 202? c1

Cagayan State University University Library, Carig Campus
Tuguegarao City, Cagayan 3500 | www.csucarig.edu.ph

Powered by Koha